Ville de France - Mort Subite #2 - Statistiques

Statistiques générales
  • Ce quiz a été pris 278 fois
    275 depuis la dernière actualisation
  • Le résultat moyen est 15 sur 20
Answers on the Grid
Answers color-coded by a green-red scale on the quiz's grid according to % correct below.
La Turbie
Toulon
Lyon
Perpignan
Avignon
Ede
Grenoble
Narbonne
Nimègue
Marseille
Longueuil
Trois-Rivières
Nancy
Cologne
Brest
Saint-Jean-sur-Richelieu
Granby
Beloeil
Èze
Roubaix
Boucherville
Rouen
Charleroi
Bastogne
Chessy
Mons
La Louvrière
Rodez
Caen
Paris
Troyes
Dunkerque
Metz
 
Statistiques - réponses
Réponse % Correct
Lyon
95%
Toulon
95%
Avignon
94%
Perpignan
94%
Grenoble
92%
Marseille
91%
Narbonne
88%
Nancy
83%
Brest
81%
Roubaix
76%
Rouen
76%
Metz
73%
Paris
73%
Caen
72%
Troyes
71%
Dunkerque
70%
Rodez
62%
Chessy
30%
La Turbie
27%
Èze
24%
Aucun quiz correspondant
Distribution des résultats
% des personnes avec chaque résultat
Percentile par nombre de réponses
Votre historique - résultats
Vous n’avez pas pris ce quiz depuis la dernière actualisation